[Event "SVK-chT3B2 2324"]
[Site "Slovakia"]
[Date "2024.02.18"]
[Round "8.6"]
[White "Mejsnar, Miroslav"]
[Black "Hepner, Pavol"]
[Result "1-0"]
[WhiteElo "1811"]
[BlackElo "1341"]
[PlyCount "99"]
[EventDate "2023.10.15"]
[EventType "team-tourn"]
[EventRounds "11"]
[EventCountry "SVK"]
[SourceTitle "EXT 2025"]
[Source "ChessBase"]
[SourceDate "2024.10.14"]
[SourceVersion "1"]
[SourceVersionDate "2024.10.14"]
[SourceQuality "1"]
[WhiteTeam "Povazska Bystrica II"]
[BlackTeam "Lehota pod Vtacnikom"]
[WhiteTeamCountry "SVK"]
[BlackTeamCountry "SVK"]

1. Nf3 c5 2. c4 Nc6 3. g3 Nf6 4. Bg2 g6 5. 0-0 Bg7 6. Nc3 0-0 7. d3 Rb8 8. Bf4 d6 9. Qd2 b6 10. Bh6 Bb7 11. h4 d5 12. Bf4 Rc8 13. Bh3 Ra8 14. Rad1 dxc4 15. dxc4 Qxd2 16. Rxd2 Rad8 17. Rfd1 Rxd2 18. Rxd2 Rd8 19. Rxd8+ Nxd8 20. Bc7 Nc6 21. Bg2 Ne8 22. Bf4 Bxc3 23. bxc3 Na5 24. Bb8 Nc6 25. Ne5 Nxb8 26. Bxb7 f6 27. Bd5+ Kg7 28. Nc6 Nxc6 29. Bxc6 Nc7 30. Kf1 e5 31. e4 Kf7 32. Ke2 Ke7 33. Ke3 Ne8 34. a4 Nd6 35. Bd5 h6 36. f4 g5 37. Kf3 gxh4 38. gxh4 exf4 39. Kxf4 Kf8 40. e5 fxe5+ 41. Kxe5 Ke7 42. Bg8 Nf7+ 43. Bxf7 Kxf7 44. Kd6 Kg6 45. Kc7 Kh5 46. Kb7 Kxh4 47. Kxa7 Kg4 48. Kxb6 h5 49. a5 h4 50. a6 1-0

[Event "SVK-chT3B2 2324"]
[Site "Slovakia"]
[Date "2024.02.04"]
[Round "7.8"]
[White "Hepner, Pavol"]
[Black "Flak, Lubomir"]
[Result "0-1"]
[WhiteElo "1341"]
[BlackElo "1589"]
[PlyCount "92"]
[EventDate "2023.10.15"]
[EventType "team-tourn"]
[EventRounds "11"]
[EventCountry "SVK"]
[SourceTitle "EXT 2025"]
[Source "ChessBase"]
[SourceDate "2024.10.14"]
[SourceVersion "1"]
[SourceVersionDate "2024.10.14"]
[SourceQuality "1"]
[WhiteTeam "Lehota pod Vtacnikom"]
[BlackTeam "Handlova"]
[WhiteTeamCountry "SVK"]
[BlackTeamCountry "SVK"]

1. c4 Nf6 2. Nc3 e6 3. Nf3 Be7 4. g3 b6 5. Bg2 Bb7 6. 0-0 c5 7. d4 cxd4 8. Nxd4 Bxg2 9. Kxg2 Qc7 10. b3 a6 11. Bb2 0-0 12. Rc1 Nc6 13. e3 Qb7 14. Qf3 Rab8 15. Nxc6 dxc6 16. Rfd1 Qc7 17. Rd3 b5 18. cxb5 axb5 19. Ne4 Nd5 20. a3 Rbc8 21. Nc3 Nxc3 22. Rdxc3 c5 23. Qg4 Bf6 24. Rxc5 Qb7+ 25. Qf3 Qxf3+ 26. Kxf3 Rxc5 27. Rxc5 Bxb2 28. Rxb5 Bxa3 29. Ke4 Rd8 30. h4 g6 31. Rb7 Bd6 32. b4 Rb8 33. Rxb8+ Bxb8 34. g4 f6 35. f4 f5+ 36. gxf5 gxf5+ 37. Kf3 Kf7 38. Ke2 h5 39. Kd3 Ke7 40. Kc4 Ba7 41. Kd3 Kd6 42. e4 Bf2 43. exf5 exf5 44. Kc4 Bxh4 45. b5 Bf2 46. Kd3 h4 0-1

[Event "SVK-chT3B2 2223"]
[Site "Slovakia"]
[Date "2022.11.06"]
[Round "2.8"]
[White "Marko, Zdenko"]
[Black "Hepner, Pavol"]
[Result "0-1"]
[WhiteElo "1479"]
[BlackElo "1356"]
[PlyCount "82"]
[EventDate "2022.10.23"]
[EventType "team-tourn"]
[EventRounds "11"]
[EventCountry "SVK"]
[SourceTitle "EXT 2024"]
[Source "ChessBase"]
[SourceDate "2023.10.10"]
[SourceVersion "1"]
[SourceVersionDate "2023.10.10"]
[SourceQuality "1"]
[WhiteTeam "Chynorany"]
[BlackTeam "Lehota pod Vtacnikom"]
[WhiteTeamCountry "SVK"]
[BlackTeamCountry "SVK"]

1. e4 c5 2. Nf3 Nc6 3. Nc3 Nf6 4. Bc4 g6 5. d3 Bg7 6. Be3 b6 7. 0-0 0-0 8. Nd2 e6 9. Bg5 Bb7 10. f4 Qc7 11. Nb5 Qb8 12. e5 Ne8 13. Ne4 a6 14. Nbd6 Nxd6 15. Nxd6 b5 16. Bb3 f6 17. Nxb7 Qxb7 18. exf6 Bxf6 19. Bxf6 Rxf6 20. c3 Qc7 21. Qg4 Raf8 22. Rf3 Rxf4 23. Rxf4 Rxf4 24. Qg5 Rf5 25. Qe3 Qe5 26. Qd2 Qf4 27. Qe2 Re5 28. Qf2 Qe3 29. Bc2 d5 30. Qxe3 Rxe3 31. Kf2 d4 32. a4 b4 33. Rd1 Kf7 34. Bb3 Na5 35. cxb4 Nxb3 36. b5 axb5 37. axb5 Ke7 38. Re1 Rxe1 39. Kxe1 Kd7 40. Kd1 Kc7 41. Kc2 Na5 0-1

[Event "SVK-chT3B2 2122"]
[Site "Slovakia"]
[Date "2022.05.08"]
[Round "10.7"]
[White "Hepner, Pavol"]
[Black "Bajza, Pavol"]
[Result "0-1"]
[WhiteElo "1360"]
[BlackElo "1384"]
[PlyCount "26"]
[EventDate "2021.10.24"]
[EventType "team-tourn"]
[EventRounds "11"]
[EventCountry "SVK"]
[SourceTitle "EXT 2024"]
[Source "ChessBase"]
[SourceDate "2023.10.10"]
[SourceVersion "1"]
[SourceVersionDate "2023.10.10"]
[SourceQuality "1"]
[WhiteTeam "Lehota pod Vtacnikom"]
[BlackTeam "Belusa II"]
[WhiteTeamCountry "SVK"]
[BlackTeamCountry "SVK"]

1. c4 e5 2. Nc3 Nf6 3. Nf3 Nc6 4. g3 Bc5 5. e3 d6 6. Bg2 Bg4 7. Qb3 Qc8 8. 0-0 0-0 9. Na4 e4 10. Ne5 Nxe5 11. Nxc5 dxc5 12. d4 Nf3+ 13. Bxf3 Bxf3 0-1

[Event "SVK-chT3B2 1819"]
[Site "Slovakia"]
[Date "2019.04.14"]
[Round "11.8"]
[White "Hepner, Pavol"]
[Black "Jankech, Andrej"]
[Result "0-1"]
[WhiteElo "1369"]
[BlackElo "1000"]
[PlyCount "20"]
[EventDate "2018.10.21"]
[EventType "team-tourn"]
[EventRounds "11"]
[EventCountry "SVK"]
[SourceTitle "EXT 2020"]
[Source "ChessBase"]
[SourceDate "2019.10.17"]
[SourceVersion "1"]
[SourceVersionDate "2019.10.17"]
[SourceQuality "1"]
[WhiteTeam "Lehota pod Vtacnikom"]
[BlackTeam "Dubnica nad Vahom IV"]
[WhiteTeamCountry "SVK"]
[BlackTeamCountry "SVK"]

1. c4 c5 2. Nc3 g6 3. Nf3 Bg7 4. d4 cxd4 5. Nxd4 Qb6 6. e3 Nc6 7. Nd5 Qd8 8. Nb5 Be5 9. f4 Bb8 10. Qd4 Nxd4 0-1

[Event "SVK-chT3B2 1819"]
[Site "Slovakia"]
[Date "2019.02.24"]
[Round "8.8"]
[White "Hepner, Pavol"]
[Black "Cesnek, Peter"]
[Result "1-0"]
[WhiteElo "1372"]
[BlackElo "1682"]
[PlyCount "79"]
[EventDate "2018.10.21"]
[EventType "team-tourn"]
[EventRounds "11"]
[EventCountry "SVK"]
[SourceTitle "CBM 189 Extra"]
[Source "ChessBase"]
[SourceDate "2019.05.31"]
[SourceVersion "1"]
[SourceVersionDate "2019.05.31"]
[SourceQuality "1"]
[WhiteTeam "Lehota pod Vtacnikom"]
[BlackTeam "Povazska Bystrica Sparta"]
[WhiteTeamCountry "SVK"]
[BlackTeamCountry "SVK"]

1. c4 c6 2. Nc3 Nf6 3. Nf3 d6 4. g3 e5 5. d4 e4 6. Ng5 d5 7. cxd5 cxd5 8. Bg2 h6 9. Nh3 Bb4 10. 0-0 Bxc3 11. bxc3 0-0 12. e3 Be6 13. Nf4 Re8 14. Rb1 b6 15. Qc2 Nc6 16. Nxe6 Rxe6 17. c4 Rc8 18. Bh3 Nxd4 19. exd4 Rxc4 20. Qb2 Rec6 21. Be3 Qc7 22. Rfc1 Rc2 23. Rxc2 Rxc2 24. Qa1 Qc4 25. Rc1 Qxa2 26. Qxa2 Rxa2 27. Rc8+ Kh7 28. Bf4 Ra1+ 29. Rc1 Ra4 30. Be5 b5 31. Rc5 Ra1+ 32. Kg2 a6 33. Bxf6 gxf6 34. Rxd5 Ra2 35. Bf5+ Kg7 36. Bxe4 b4 37. Rd7 a5 38. Bd5 Ra3 39. Rxf7+ Kg6 40. Rb7 1-0

[Event "SVK-chT3B2 1819"]
[Site "Slovakia"]
[Date "2019.01.13"]
[Round "5.8"]
[White "Dusicka, Adam"]
[Black "Hepner, Pavol"]
[Result "1-0"]
[WhiteElo "1627"]
[BlackElo "1354"]
[PlyCount "61"]
[EventDate "2018.10.21"]
[EventType "team-tourn"]
[EventRounds "11"]
[EventCountry "SVK"]
[SourceTitle "CBM 189 Extra"]
[Source "ChessBase"]
[SourceDate "2019.05.31"]
[SourceVersion "1"]
[SourceVersionDate "2019.05.31"]
[SourceQuality "1"]
[WhiteTeam "Bojnice"]
[BlackTeam "Lehota pod Vtacnikom"]
[WhiteTeamCountry "SVK"]
[BlackTeamCountry "SVK"]

1. Nf3 c5 2. c4 Nc6 3. Nc3 Nf6 4. e3 g6 5. d4 cxd4 6. exd4 d5 7. Bf4 a6 8. h3 Bg7 9. c5 0-0 10. Bd3 Ne8 11. Bb1 e6 12. 0-0 b6 13. b4 a5 14. b5 Ne7 15. Qd2 bxc5 16. dxc5 Nc7 17. Bd3 Nf5 18. a4 Nd4 19. Nxd4 Bxd4 20. Bd6 Qf6 21. Rac1 Ne8 22. Bxf8 Kxf8 23. Ne2 Ng7 24. Nxd4 Qxd4 25. Qc3 Qxa4 26. Ra1 Qf4 27. c6 d4 28. Qc5+ Kg8 29. b6 Ba6 30. Bxa6 Rxa6 31. c7 1-0

[Event "SVK-chT3B2 1819"]
[Site "Slovakia"]
[Date "2018.11.25"]
[Round "3.8"]
[White "Volanek, Maros"]
[Black "Hepner, Pavol"]
[Result "1-0"]
[WhiteElo "1187"]
[BlackElo "1365"]
[PlyCount "67"]
[EventDate "2018.10.21"]
[EventType "team-tourn"]
[EventRounds "11"]
[EventCountry "SVK"]
[SourceTitle "CBM 189 Extra"]
[Source "ChessBase"]
[SourceDate "2019.05.31"]
[SourceVersion "1"]
[SourceVersionDate "2019.05.31"]
[SourceQuality "1"]
[WhiteTeam "Povazske Podhradie "]
[BlackTeam "Lehota pod Vtacnikom"]
[WhiteTeamCountry "SVK"]
[BlackTeamCountry "SVK"]

1. d4 Nf6 2. c4 d5 3. Nc3 e6 4. Nf3 Be7 5. Bf4 0-0 6. e3 c5 7. Bd3 Nc6 8. 0-0 cxd4 9. exd4 dxc4 10. Bxc4 a6 11. d5 exd5 12. Nxd5 b5 13. Bb3 Bb7 14. Nxe7+ Qxe7 15. Bd6 Qe4 16. Bxf8 Kxf8 17. Re1 Qg4 18. h3 Qg6 19. Bc2 Qh5 20. Qd6+ Kg8 21. Qg3 Nb4 22. Bb3 Nd3 23. Re2 Bxf3 24. Qxf3 Qxf3 25. gxf3 Nf4 26. Rd2 Nxh3+ 27. Kh2 Ng5 28. Kg2 Re8 29. Rad1 h5 30. Rd8 Ne6 31. Bxe6 fxe6 32. Rxe8+ Nxe8 33. Rd8 Kf7 34. Ra8 1-0

[Event "SVK-chT3B2 1516"]
[Site "Slovakia"]
[Date "2015.11.15"]
[Round "2.7"]
[White "Matejka, Peter"]
[Black "Hepner, Pavol"]
[Result "1/2-1/2"]
[WhiteElo "1414"]
[BlackElo "1403"]
[PlyCount "60"]
[EventDate "2015.10.11"]
[EventType "team-tourn"]
[EventRounds "11"]
[EventCountry "SVK"]
[SourceTitle "CBM 170 Extra"]
[Source "ChessBase"]
[SourceDate "2016.02.25"]
[SourceVersion "1"]
[SourceVersionDate "2016.02.25"]
[SourceQuality "1"]
[WhiteTeam "Nemsova Horne Srnie"]
[BlackTeam "Lehota pod Vtacnikom"]
[WhiteTeamCountry "SVK"]
[BlackTeamCountry "SVK"]

1. e4 c5 2. Nc3 Nc6 3. Nf3 Nf6 4. Bc4 a6 5. a4 g6 6. 0-0 Bg7 7. d3 0-0 8. Be3 d6 9. h3 e6 10. Ba2 Nd7 11. Rb1 Nde5 12. Nxe5 Nxe5 13. Ne2 Bd7 14. c3 Bc6 15. Qc2 Rc8 16. Rbd1 Qa5 17. b3 b5 18. axb5 Qxb5 19. d4 cxd4 20. Nxd4 Qb7 21. Nxc6 Rxc6 22. c4 Rfc8 23. f4 Nd7 24. f5 e5 25. fxg6 fxg6 26. Qd2 Nc5 27. Bxc5 dxc5 28. Qd5+ Kh8 29. Rf7 Qa8 30. Rd7 Rf6 1/2-1/2

[Event "SVK-chT3B2 1213"]
[Site "Slovakia"]
[Date "2013.01.27"]
[Round "6.7"]
[White "Vitek, Frantisek"]
[Black "Hepner, Pavol"]
[Result "1-0"]
[WhiteElo "1800"]
[BlackElo "1429"]
[PlyCount "61"]
[EventDate "2012.10.28"]
[EventType "team-tourn"]
[EventRounds "14"]
[EventCountry "SVK"]
[SourceTitle "EXT 2022"]
[Source "ChessBase"]
[SourceDate "2021.10.06"]
[SourceVersion "1"]
[SourceVersionDate "2021.10.06"]
[SourceQuality "1"]
[WhiteTeam "Povazska Bystrica II"]
[BlackTeam "Lehota pod Vtacnikom"]
[WhiteTeamCountry "SVK"]
[BlackTeamCountry "SVK"]

1. d4 d5 2. c4 e6 3. Nc3 Nf6 4. Bg5 Be7 5. e3 0-0 6. Bd3 c6 7. cxd5 Nxd5 8. Bxe7 Nxe7 9. Nf3 a6 10. 0-0 b5 11. a3 Bb7 12. Rc1 Nd7 13. Ne4 Nb6 14. Qc2 h6 15. Qe2 Rc8 16. Nc5 Rc7 17. Ne5 Qa8 18. Be4 Ned5 19. Rc2 Rfc8 20. Rfc1 Nf6 21. Bf3 Nbd7 22. Nxb7 Nxe5 23. dxe5 Nd7 24. Nd6 Nxe5 25. Nxc8 Qxc8 26. b4 Nc4 27. Rc3 c5 28. Be4 cxb4 29. axb4 a5 30. bxa5 b4 31. Rxc4 1-0

[Event "SVK-chT3B2 1213"]
[Site "Slovakia"]
[Date "2013.01.13"]
[Round "5.6"]
[White "Sokol, Eduard"]
[Black "Hepner, Pavol"]
[Result "1-0"]
[WhiteElo "1738"]
[BlackElo "1429"]
[PlyCount "61"]
[EventDate "2012.10.28"]
[EventType "team-tourn"]
[EventRounds "14"]
[EventCountry "SVK"]
[SourceTitle "EXT 2022"]
[Source "ChessBase"]
[SourceDate "2021.10.06"]
[SourceVersion "1"]
[SourceVersionDate "2021.10.06"]
[SourceQuality "1"]
[WhiteTeam "Prievidza SK III"]
[BlackTeam "Lehota pod Vtacnikom"]
[WhiteTeamCountry "SVK"]
[BlackTeamCountry "SVK"]

1. Nf3 c5 2. d4 cxd4 3. Nxd4 Nc6 4. Nxc6 bxc6 5. c4 e6 6. e4 Qa5+ 7. Nc3 Nf6 8. Bd2 Qc7 9. Qc2 d5 10. Bd3 Bd6 11. g3 d4 12. Ne2 e5 13. 0-0-0 0-0 14. f4 exf4 15. gxf4 Bg4 16. e5 Bxe5 17. fxe5 Qxe5 18. Rde1 Bxe2 19. Rxe2 Qd6 20. c5 Qd5 21. Rhe1 Qxa2 22. Bc4 Qa1+ 23. Qb1 Qxb1+ 24. Kxb1 Nd7 25. Bb4 a5 26. Ba3 a4 27. Rd1 Ra5 28. Rxd4 Nxc5 29. Re5 Nb3 30. Rxa5 Nxa5 31. Bxf8 1-0

[Event "SVK-chT3B2 1213"]
[Site "Slovakia"]
[Date "2012.11.25"]
[Round "3.6"]
[White "Malinovsky, Jozef"]
[Black "Hepner, Pavol"]
[Result "1-0"]
[WhiteElo "1837"]
[BlackElo "1429"]
[PlyCount "57"]
[EventDate "2012.10.28"]
[EventType "team-tourn"]
[EventRounds "14"]
[EventCountry "SVK"]
[SourceTitle "EXT 2022"]
[Source "ChessBase"]
[SourceDate "2021.10.06"]
[SourceVersion "1"]
[SourceVersionDate "2021.10.06"]
[SourceQuality "1"]
[WhiteTeam "Povazska Bystrica III"]
[BlackTeam "Lehota pod Vtacnikom"]
[WhiteTeamCountry "SVK"]
[BlackTeamCountry "SVK"]

1. e4 c5 2. Nf3 Nc6 3. Nc3 Nf6 4. d4 cxd4 5. Nxd4 Nxd4 6. Qxd4 d6 7. f4 Nd7 8. Be3 a6 9. Bc4 b5 10. Bd5 Rb8 11. 0-0 Qb6 12. Qd2 Qc7 13. f5 Bb7 14. Bxb7 Qxb7 15. Nd5 e6 16. fxe6 fxe6 17. Nf4 Nc5 18. Bxc5 dxc5 19. Nxe6 g6 20. Nxf8 Rxf8 21. Rxf8+ Kxf8 22. Qd6+ Kg7 23. Rf1 Re8 24. Qxc5 Qxe4 25. Qa7+ Re7 26. Qxa6 Qe3+ 27. Kh1 Qe2 28. Qf6+ Kg8 29. Qf8# 1-0